Election of 1852 Trivia - Statistics

General Stats
  • This quiz has been taken 21 times
  • The average score is 16 of 21
Answer Stats
Hint Answer % Correct
Their party Democrat
100%
Future president who ran for the nomination James Buchanan
100%
Their home state New Hampshire
100%
State in which this was their first election California
93%
Victor Franklin Pierce
93%
the 4 states the loser won Vermont
93%
Their party Whig
93%
State with the smallest margin (0.19%) Delaware
87%
Massachusetts
87%
Kentucky
80%
Liberty
80%
Native American
80%
Tennessee
80%
Major third parties Free Soil
73%
Their home state New Jersey
67%
State with the largest margin (46%) Texas
67%
Their running mate William R King
67%
Opponent Winfield Scott
60%
Union
47%
Their running mate William A Graham
40%
Southern Rights
33%
No matching quizzes found
Score Distribution
Percent of People with Each Score
Percentile by Number Answered
Your Score History
You have not taken this quiz